Text, Speech, and Dialogue 18th International Conference, TSD 2015, Pilsen,Czech Republic, September 14-17, 2015, Proceedings /

This book constitutes the refereed proceedings of the 18th International Conference on Text, Speech and Dialogue, TSD 2015, held in Pilsen, Czech Republic, in September 2015. The 67 papers presented together with 3 invited papers were carefully reviewed and selected from 138 submissions. They focus...

Πλήρης περιγραφή

Λεπτομέρειες βιβλιογραφικής εγγραφής
Συγγραφή απο Οργανισμό/Αρχή: SpringerLink (Online service)
Άλλοι συγγραφείς: Král, Pavel (Επιμελητής έκδοσης), Matoušek, Václav (Επιμελητής έκδοσης)
Μορφή: Ηλεκτρονική πηγή Ηλ. βιβλίο
Γλώσσα:English
Έκδοση: Cham : Springer International Publishing : Imprint: Springer, 2015.
Έκδοση:1st ed. 2015.
Σειρά:Lecture Notes in Computer Science, 9302
Θέματα:
Διαθέσιμο Online:Full Text via HEAL-Link
LEADER 02796nam a22005895i 4500
001 978-3-319-24033-6
003 DE-He213
005 20151218081752.0
007 cr nn 008mamaa
008 150918s2015 gw | s |||| 0|eng d
020 |a 9783319240336  |9 978-3-319-24033-6 
024 7 |a 10.1007/978-3-319-24033-6  |2 doi 
040 |d GrThAP 
050 4 |a Q334-342 
050 4 |a TJ210.2-211.495 
072 7 |a UYQ  |2 bicssc 
072 7 |a TJFM1  |2 bicssc 
072 7 |a COM004000  |2 bisacsh 
082 0 4 |a 006.3  |2 23 
245 1 0 |a Text, Speech, and Dialogue  |h [electronic resource] :  |b 18th International Conference, TSD 2015, Pilsen,Czech Republic, September 14-17, 2015, Proceedings /  |c edited by Pavel Král, Václav Matoušek. 
250 |a 1st ed. 2015. 
264 1 |a Cham :  |b Springer International Publishing :  |b Imprint: Springer,  |c 2015. 
300 |a XVIII, 612 p. 122 illus. in color.  |b online resource. 
336 |a text  |b txt  |2 rdacontent 
337 |a computer  |b c  |2 rdamedia 
338 |a online resource  |b cr  |2 rdacarrier 
347 |a text file  |b PDF  |2 rda 
490 1 |a Lecture Notes in Computer Science,  |x 0302-9743 ;  |v 9302 
520 |a This book constitutes the refereed proceedings of the 18th International Conference on Text, Speech and Dialogue, TSD 2015, held in Pilsen, Czech Republic, in September 2015. The 67 papers presented together with 3 invited papers were carefully reviewed and selected from 138 submissions. They focus on topics such as corpora and language resources; speech recognition; tagging, classification and parsing of text and speech; speech and spoken language generation; semantic processing of text and speech; integrating applications of text and speech processing; automatic dialogue systems; as well as multimodal techniques and modelling. 
650 0 |a Computer science. 
650 0 |a Database management. 
650 0 |a Data mining. 
650 0 |a Information storage and retrieval. 
650 0 |a Artificial intelligence. 
650 0 |a Pattern recognition. 
650 1 4 |a Computer Science. 
650 2 4 |a Artificial Intelligence (incl. Robotics). 
650 2 4 |a Information Systems Applications (incl. Internet). 
650 2 4 |a Information Storage and Retrieval. 
650 2 4 |a Database Management. 
650 2 4 |a Pattern Recognition. 
650 2 4 |a Data Mining and Knowledge Discovery. 
700 1 |a Král, Pavel.  |e editor. 
700 1 |a Matoušek, Václav.  |e editor. 
710 2 |a SpringerLink (Online service) 
773 0 |t Springer eBooks 
776 0 8 |i Printed edition:  |z 9783319240329 
830 0 |a Lecture Notes in Computer Science,  |x 0302-9743 ;  |v 9302 
856 4 0 |u http://dx.doi.org/10.1007/978-3-319-24033-6  |z Full Text via HEAL-Link 
912 |a ZDB-2-SCS 
912 |a ZDB-2-LNC 
950 |a Computer Science (Springer-11645)